Normal view
MARC view
Entry Personal Name
001 - CONTROL NUMBER
- control field: 1234420
003 - CONTROL NUMBER IDENTIFIER
- control field: OSt
005 - DATE AND TIME OF LATEST TRANSACTION
- control field: 20260409095515.0
008 - FIXED-LENGTH DATA ELEMENTS
- fixed length control field: 260409|| aca||aabn | a|a d
040 ## - CATALOGING SOURCE
- Original cataloging agency: OSt
- Transcribing agency: OSt
100 ## - HEADING--PERSONAL NAME
- Personal name: Moral, Pierre Del
670 ## - SOURCE DATA FOUND
- Source citation: Work cat.: (OSt)6764: Moral, Pierre Del, Mean field simulation for monte carlo integration, 2013.
